<?xml version="1.0" encoding="UTF-8"?>
<record
    xmlns:xsi="http://www.w3.org/2001/XMLSchema-instance"
    xsi:schemaLocation="http://www.loc.gov/MARC21/slim http://www.loc.gov/standards/marcxml/schema/MARC21slim.xsd"
    xmlns="http://www.loc.gov/MARC21/slim">

  <leader>01158nam a22002537a 4500</leader>
  <controlfield tag="005">20100915122746.0</controlfield>
  <controlfield tag="008">100915t        xxu||||| |||| 00| 0 hin d</controlfield>
  <datafield tag="010" ind1=" " ind2=" ">
    <subfield code="a">HIN-90491</subfield>
  </datafield>
  <datafield tag="020" ind1=" " ind2=" ">
    <subfield code="a">9789380089119</subfield>
    <subfield code="c">250.00</subfield>
  </datafield>
  <datafield tag="035" ind1=" " ind2=" ">
    <subfield code="a">HN-62837</subfield>
  </datafield>
  <datafield tag="037" ind1=" " ind2=" ">
    <subfield code="b">DBAD / PUB</subfield>
  </datafield>
  <datafield tag="040" ind1=" " ind2=" ">
    <subfield code="a">DPL</subfield>
    <subfield code="b">HN</subfield>
  </datafield>
  <datafield tag="082" ind1=" " ind2=" ">
    <subfield code="a">181.499</subfield>
  </datafield>
  <datafield tag="100" ind1=" " ind2=" ">
    <subfield code="a">&#x913;&#x936;&#x94B;</subfield>
    <subfield code="9">20178</subfield>
  </datafield>
  <datafield tag="245" ind1=" " ind2=" ">
    <subfield code="a">&#x92A;&#x94D;&#x930;&#x947;&#x92E; &#x915;&#x940; &#x91D;&#x940;&#x932; &#x92E;&#x947;&#x902; &#x905;&#x928;&#x941;&#x917;&#x94D;&#x930;&#x939; &#x915;&#x947; &#x92B;&#x942;&#x932; /</subfield>
    <subfield code="c">&#x913;&#x936;&#x94B;</subfield>
  </datafield>
  <datafield tag="246" ind1=" " ind2=" ">
    <subfield code="a">Prem jheel mein anugrah           </subfield>
    <subfield code="b">by Osho</subfield>
  </datafield>
  <datafield tag="260" ind1=" " ind2=" ">
    <subfield code="a">&#x932;&#x916;&#x928;&#x90A;</subfield>
    <subfield code="b">&#x926;&#x93F;&#x935;&#x94D;&#x92F;&#x93E;&#x902;&#x936; &#x92A;&#x92C;&#x94D;&#x932;&#x93F;&#x915;&#x947;&#x936;&#x928;&#x94D;&#x938;</subfield>
    <subfield code="c">2010</subfield>
  </datafield>
  <datafield tag="270" ind1=" " ind2=" ">
    <subfield code="a">&#x90F;&#x92E;.&#x906;&#x908;.&#x91C;&#x940;.222, &#x92B;&#x947;&#x91C;-1, &#x90F;&#x932;.&#x921;&#x940;.&#x90F;.&#x91F;&#x93F;&#x915;&#x948;&#x924;&#x930;&#x93E;&#x92F; &#x915;&#x93E;&#x932;&#x94B;&#x928;&#x940;</subfield>
    <subfield code="b">&#x932;&#x916;&#x928;&#x90A;</subfield>
    <subfield code="e">226017</subfield>
    <subfield code="k">09415185960</subfield>
    <subfield code="l">0522 2691970</subfield>
    <subfield code="m">divyanshpublications@yahoo.co.in</subfield>
  </datafield>
  <datafield tag="300" ind1=" " ind2=" ">
    <subfield code="a">xi,156&#x92A;&#x943;.</subfield>
    <subfield code="c">22&#x938;&#x947;&#x92E;&#x940; (&#x938;&#x91C;&#x93F;&#x932;&#x94D;&#x926;)</subfield>
  </datafield>
  <datafield tag="650" ind1=" " ind2=" ">
    <subfield code="9">1159</subfield>
  </datafield>
  <datafield tag="700" ind1=" " ind2=" ">
    <subfield code="9">20179</subfield>
  </datafield>
  <datafield tag="942" ind1=" " ind2=" ">
    <subfield code="2">ddc</subfield>
    <subfield code="c">HN</subfield>
    <subfield code="h">181.499</subfield>
    <subfield code="m">&#x913;&#x936;&#x94B;&#x905;&#x902;</subfield>
  </datafield>
  <datafield tag="999" ind1=" " ind2=" ">
    <subfield code="c">46113</subfield>
    <subfield code="d">46113</subfield>
  </datafield>
  <datafield tag="952" ind1=" " ind2=" ">
    <subfield code="0">0</subfield>
    <subfield code="1">0</subfield>
    <subfield code="2">ddc</subfield>
    <subfield code="4">0</subfield>
    <subfield code="7">1</subfield>
    <subfield code="8">NFIC</subfield>
    <subfield code="a">DBAD</subfield>
    <subfield code="b">DBAD</subfield>
    <subfield code="d">2010-09-16</subfield>
    <subfield code="e">DBAD / PUB</subfield>
    <subfield code="g">250.00</subfield>
    <subfield code="l">0</subfield>
    <subfield code="o">181.499 &#x913;&#x936;&#x94B;&#x905;&#x902;</subfield>
    <subfield code="p">HN-62837</subfield>
    <subfield code="r">2010-09-16 00:00:00</subfield>
    <subfield code="t">1</subfield>
    <subfield code="v">250.00</subfield>
    <subfield code="w">2010-09-16</subfield>
    <subfield code="y">HN</subfield>
  </datafield>
</record>
